Quizzes
Events
Quiz Creation
Community
Videos
Private Events
Remove Ads
Sign In
Join for FREE
Feedback
Dark Mode
Quiz Categories
Sports
Geography
Music
Movies
Television
Just For Fun
Miscellaneous
History
Literature
Language
Science
Gaming
Entertainment
Religion
Holiday
For Kids
Quiz Lab
Recent
Popular Today
Quiz Kudos Today
Editor Picks
Curator Picks
Quizzes by...
Day
Popularity
Type
Ratings
Length
Year
Community
Subscriptions
Recent Discussions
Orange Saloon
Badges
Playlists
Quests
Create
Leaderboards
Showdown
Live 5
Trivia Bingo
Activity
Puzzle Library
Sporcle Events
Private Events
Virtual Trivia
Globe League
Become a Host
Pub Owners
SporcleCon
Opinionation
Our Games
Videos
Blog
Mobile Apps
Partnerships
Remove Ads and Go Orange
Feedback
Sports
Athletes
MLB
NBA
NHL
NFL
Soccer
Sports Teams
WWE
NCAA
Football
Premier League
Basketball
Baseball
Hockey
Golf
Tennis
Cricket
Rugby
Auto Racing
Olympics
World Cup
Sports
Athletes
MLB
NBA
NHL
NFL
Soccer
Sports Teams
WWE
NCAA
Football
Premier League
Basketball
Baseball
Hockey
Golf
Tennis
Cricket
Rugby
Auto Racing
Olympics
World Cup
Random Quiz
Search Sporcle
×
Quiz Lab
Quiz Lab
Sports
NFL
Type in answers that appear in a list
Type in answers that appear in a list
Classic
Best Score? Go Orange.
#1 Wide Reciever On Every NFL Team 2012 Stats
Can you name the #1 Wide Reciever On Every NFL Team 2012?
By
yimmynworb11
8m
32 Questions
1,408 Plays
1,408 Plays
1,408 Plays
Comments
Comments
Give Quiz Kudos
Give Quiz Kudos
-
- Ratings
hide this ad
Replay
Link that replays current quiz
Next Quiz
Link to next quiz in quiz playlist
You Got
0%
They Got
Avg Score
83%
Avg Friend Score
Upgrade to see
Score Distribution
Jump to the score distribution portion of the page
Score
0/32
Timer
08:00
0
Plays Today
Team Name
Player
% Correct
Detroit Lions
Calvin Johnson
99.4%
Houston Texans
Andre Johnson
99.2%
Buffalo Bills
Stevie Johnson
99.1%
Philadelpia Eagles
DeSean Jackson
96.3%
Tampa Bay Bucs
Vincent Jackson
96.1%
Arizona Cardinals
Larry Fitzgerald
95.9%
Carolina Panthers
Steve Smith
95.5%
St. Louis Rams
Steve Smith
95.5%
Green Bay Packers
Greg Jennings
95.2%
Atlanta Falcons
Roddy White
95.2%
New England Patriots
Wes Welker
94.5%
Chicago Bears
Brandon Marshall
93.4%
Pittsburgh Steelers
Mike Wallace
92.3%
Dallas Cowboys
Dez Bryant
91.9%
Indianapolis Colts
Reggie Wayne
90.8%
New Orleans Saints
Marques Colston
88.6%
Team Name
Player
% Correct
New York Giants
Hakeem Nicks
88.3%
Washington Redskins
Santana Moss
87.7%
Cincinnati Bengals
A.J. Green
87.4%
New York Jets
Santonio Holmes
87.4%
San Francisco 49ers
Michael Crabtree
86.6%
Baltimore Ravens
Anquan Boldin
86%
Kansas City Chiefs
Dwayne Bowe
85.8%
Minnesota Vikings
Percy Harvin
84.2%
Denver Broncos
Eric Decker
76.3%
Tennessee Titans
Kenny Britt
75.9%
Seattle Seahawks
Sydney Rice
73.7%
San Diego Chargers
Malcom Floyd
61.2%
Miami Dolphins
Davone Bess
55%
Oakland Raiders
Darius Heyward-Bey
44.8%
Jacksonville Jaguars
Laurent Robinson
40.4%
Cleveland Browns
Greg Little
36.6%
Quiz Playlist
Details
Report
Send in Message
Add To Playlist
Classic:
Type in answers that appear in a list
Last Updated: Feb 16, 2017
Quiz Scoreboard
CHALLENGE
Sign Up to Join the Scoreboard
Show All
Scores
Hide
Comments
May contain spoilers
Recently Published
Presidents Visiting Landmarks
by Hejman
History
7m
An Introduction to Baseball
by treessimontrees
Sports
5m
Movies - When Are They Set?
by FPL_Elf
Movies
5m
More to Explore
Quiz From the Vault
Featured Blog Post
Where Did the Easter Bunny Come From?
hide this ad
You Might Also Like...
Tags
NFL Quiz
2012
Player
team
Wide
Wide Receivers
Today's Top Quizzes in Sports
Browse Sports
hide this ad
Today's Top Quizzes in NFL
Browse NFL
Top Contributed Quizzes in Sports
1
Les meilleurs buteurs des matchs entre le PSG et l’OM
2
2022 World Cup Stars
3
FIFA Club World Cup Champions
4
Les entraîneurs de l'OM et du PSG au 21e siècle
5
Name the Premier League winners with different clubs
6
La finale Lions - Afrique du Sud 2021
7
5-to-1: UK Sports Teams
8
England Test cricketers to play under Nasser Hussain
9
Players with Multiple 50 Home Run Seasons
10
AFC Teams Reveal (Wrong Answers Minefield)
Explore More
Trending Topics
Crossword
Kpop
NBA
Harry Potter
Disney
Marvel
Anime
NFL
Puzzle
WWE
Country
Song
The Office
Pokémon
Soccer
hide this ad
More By:
yimmynworb11
Quiz
Plays
Rating
Category
Featured
Created
2012 Fantasy Football Dream Team
221
1.50
Sports
Sep 8, 2012
Starting Quarterback on Every NFL Team 2012
130
5.00
Sports
Sep 9, 2012
Top 10 College Basketball Programs
65
1.00
Sports
Sep 8, 2012
Go to Creator's Profile
Score Distribution
Quiz Creator Spotlight
yimmynworb11
Follow
Send a Message
Quizzes Created
-
Created Quiz Play Count
-
More By This Creator
Popular Quizzes Today
1
Find the US States - No Outlines Minefield
2
Find the Countries of Europe - No Outlines Minefield
3
The Countries of the World
4
Find the US States
5
Popular People in 1961
6
US States
7
Risky Map Clicking: Biggest States A-Z
8
1-10 Letter E Words III
More Sports Quizzes
Any NBA All-Star (A-Z)
Quiz Lab
Trending Quizzes
Risky Map Clicking: Least Populous States A-Z
1-10 Letter G Words
1-10 Letter F Words
Risky Map Clicking: Next State Alphabetically
Risky Map Clicking: Biggest States A-Z
Recently Updated
Leaping Animals
pecheneg
Reality TV Shows (A-Z)
bhenderson79
Rickey Henderson's Hall of Fame Teammates
pecheneg
Champions League XIs: Arsenal
pecheneg
Quick Pick: Celebrities in WWE's Hall of Fame
aduchscher
A-Z Keypad Blitz II
pecheneg
Multiple Oscar Actors
pecheneg
Mystery Phrase Blitz: Oscar 'Best Actors'
pecheneg
F. Scott Fitzgerald Novels
LTH
Pick 3 Villains
ddd62291
Trending Topics
Disney
Anime
Harry Potter
Marvel
Kpop
NBA
Crossword
Country
WWE
Puzzle
NFL
Soccer
Song
The Office
Pokémon
Your Account Isn't Verified!
In order to create a playlist on Sporcle, you need to verify the email address you used during registration. Go to your
Sporcle Settings
to finish the process.
Report this User
Report this user for behavior that violates our
Community Guidelines
.
Details:
Send Report
Go to the Sporcle.com Mobile Site →
Comments